| 000 | 01164cam a2200337 i 4500 | ||
|---|---|---|---|
| 001 | 123910 | ||
| 003 | SpMaBN | ||
| 005 | 20250815104709.0 | ||
| 008 | 240529s1979 sp spa | ||
| 016 | 7 |
_abimoBNE19980803270 _2SpMaBN |
|
| 017 |
_aZ 725-1979 _bOficina Depósito Legal Zaragoza |
||
| 020 | _a8485264339 | ||
| 035 | _aIND9100287457 | ||
| 035 | _abimo0000839014 | ||
| 035 | _a(OCoLC)432036886 | ||
| 040 |
_aSpMaBN _bspa _cA2 _dES-MaACL |
||
| 080 | _a342.4(46)"1978"(04) | ||
| 245 | 0 | 0 |
_aEstudios sobre la Constitución Española de 1978 / _cJ. Lalinde... [et al.] ; edición preparada por Manuel Ramírez. |
| 260 |
_aZaragoza : _bLibros Pórtico, _c1979. |
||
| 300 |
_a488 p. ; _c23 cm |
||
| 490 | 1 |
_aSerie Ciencia Política ; _v3 |
|
| 504 | _aBibliografía | ||
| 610 | 1 | 4 |
_aEspaña. _tConstitución, 1978 _2embne _93657 |
| 700 | 0 |
_aLalinde Abadía, Jesús, _d1920-2007 _969731 |
|
| 700 | 1 |
_aRamírez, Manuel, _d1940-2015 _9172029 |
|
| 830 | 0 |
_aSerie ciencia política _v3 _9236735 |
|
| 852 |
_aES-MaACL _9128500 _cDEPO2 _jL-415 |
||
| 942 | _cMONOGRAFIA | ||
| 999 |
_c123910 _d123910 |
||